Science Quiz

Random Science Quiz

Antibiotics and antifungal side effects Quiz Stats

 Plays Quiz not verified by Sporcle

Challenge
Share
Tweet
Embed
Score 0/16 Timer 10:00
0 Plays Today
Hint Answer % Correct
Penicillin and cephalosporinGI
77.8%
bacitracinkidney
77.8%
macrolides and lincosamidesGI
77.8%
amphotericin Bkidney
77.8%
fluoroquinolonescartilage damage
66.7%
nitromidazolesCNS disturbance
66.7%
chloramphenicolBM
66.7%
pleurmutilinsskin, death
66.7%
Hint Answer % Correct
griseofulvinBM, liver, teratogenic
66.7%
sulphonamidesBM, kidney, liver
55.6%
tetracyclinesteeth, kidney, liver, photosensitisation
55.6%
flucytosineBM, GI
55.6%
azolesanorexia, liver
55.6%
vancomycinears, kidney, veins
44.4%
aminoglycosidesears, kidney
44.4%
quinolonesclotting
33.3%

You're not logged in!

Compare scores with friends on all Sporcle quizzes.
Join for Free
OR
Log In

You Might Also Like...

Show Comments

Extras

Created May 19, 2014ReportNominate
Tags:antibiotic, effect, side

Top Quizzes Today


Score Distribution

Your Account Isn't Verified!

In order to create a playlist on Sporcle, you need to verify the email address you used during registration. Go to your Sporcle Settings to finish the process.

Report this User

Report this user for behavior that violates our Community Guidelines.

Details: